[Event "IND-ch U25 26th"]
[Site "Port Blair"]
[Date "2017.07.13"]
[Round "1"]
[White "Abhijith, M."]
[Black "Siva, Vamsikrishna"]
[Result "1-0"]
[WhiteElo "2008"]
[BlackElo "1065"]
[PlyCount "77"]
[EventDate "2017.07.13"]
[EventType "swiss"]
[EventRounds "9"]
[EventCountry "IND"]
[SourceTitle "EXT 2018"]
[Source "ChessBase"]
[SourceDate "2017.10.13"]
[SourceVersion "1"]
[SourceVersionDate "2017.10.13"]
[SourceQuality "1"]

1. d4 Nf6 2. Nc3 d5 3. Bg5 h6 4. Bh4 e6 5. e4 dxe4 6. Nxe4 Be7 7. Bxf6 Bxf6 8. Nf3 Nd7 9. c3 Be7 10. Bd3 b6 11. Bb5 0-0 12. Bc6 Rb8 13. Qe2 Nf6 14. 0-0-0 Nd5 15. h4 Bd6 16. Ne5 Bb7 17. Bxb7 Rxb7 18. c4 Ne7 19. g4 f5 20. Ng3 f4 21. Ne4 Bxe5 22. dxe5 Qe8 23. h5 Qa4 24. Nc3 Qa5 25. Qe4 Rbb8 26. Rd7 Rbe8 27. Rhd1 Qc5 28. Nb5 Qxf2 29. Nxc7 f3 30. Nxe8 Qe2 31. Qxe2 fxe2 32. Re1 Rxe8 33. Rxe2 Nc6 34. Rc7 Nb4 35. a3 Nd3+ 36. Kc2 Nc5 37. b4 Na6 38. Rxa7 Nb8 39. b5 1-0